La crisis humana
Saved in:
| Hovedforfatter: | |
|---|---|
| Format: | Bog |
| Sprog: | spansk |
| Udgivet: |
Buenos Aires
Paidos
1975
|
| Serier: | Biblioteca del hombre comtemporáneo, 324
|
| Fag: | |
| Tags: |
Tilføj Tag
Ingen Tags, Vær først til at tagge denne postø!
|
MARC
| LEADER | 00000nam a2200000 a 4500 | ||
|---|---|---|---|
| 001 | UCW5779 | ||
| 003 | CL-VaPUC | ||
| 008 | 910808e19750000AG |||||||||||||||||spa|d | ||
| 082 | 0 | 4 | |a 144 |b HUX |2 21 |
| 100 | |a Huxley, Julian |e author |9 539745 | ||
| 245 | 1 | 3 | |a La crisis humana |
| 300 | |a 108 p | ||
| 942 | |c BK | ||
| 945 | |d 19910808 00:00:00 | ||
| 260 | |a Buenos Aires |b Paidos |c 1975 | ||
| 650 | 0 | |a Humanismo |9 256530 | |
| 583 | |a last modification |c 19910808 00:00:00 |k Rodrigo Vera | ||
| 490 | 0 | |a Biblioteca del hombre comtemporáneo, 324 | |
| 999 | |c 219103 |d 219101 | ||
| 952 | |0 0 |1 0 |4 0 |6 144_000000000000000_HUX_1975 |7 0 |8 A |9 209629 |a BIBEDU |b BIBEDU |d 2019-11-15 |i 2775182 |l 4 |m 2 |o 144 HUX 1975 |p 2775182 |q 2024-08-02 |r 2024-07-03 |s 2024-07-03 |w 2019-11-15 |y BK |k EDU | ||
| 952 | |0 0 |1 0 |4 0 |6 144_000000000000000_HUX_1975 |7 0 |8 A |9 209630 |a BIBEDU |b BIBEDU |d 2019-11-15 |i 160693K |o 144 HUX 1975 |p 160693K |r 2019-11-15 |w 2019-11-15 |y BK |k EDU | ||